zpět

Detail výsledku týmu

The Pub Praha 2 PO, Praha

Datum a čas kvízu

33.5 Celkem bodů Celkový počet nahraných bodů na tomto kvízu bez doplňovacích otázek.
8. Pořadí na kvízu Konečné umístění týmu na tomto kvízu.

Zaznamenané odpovědi

# Otázka Odpověď Body Výsledky
1. Moderátor jednoho rádia nabíze... Michal Kavalčík / Ruda z Ostravy 1
2. Vláda jisté země dala ve čtvrt... Francisco Franco 0
3. V neděli měl vystoupit známý č... David Černý 1
4. Minulý týden jsme se dozvěděli... Avast 0
5. Česká tenistka Karolína Muchov... Malý turnaj mistryň 0
6. Druhý díl naší cesty kolem svě... Myanmar (Barma) 0
7. Pokračujeme dále do jihovýchod... Thajsko 0
8. Další dvě otázky budou patřit... Medvídek Pú 1
9. V severní Číně a jižním Mongol... Gobi 1
10. Dnešní putování zakončíme v Mo... z kobylího mléka 1